| 000 | 02687nam2a22003491 4500 | ||
|---|---|---|---|
| 001 | RU\NLR\BIBL_A\022145188 | ||
| 005 | 20240902173501.0 | ||
| 035 | _a(NLR Aleph) 022145188 | ||
| 090 |
_a12877262 _c12877262 |
||
| 100 | _a20240205d1816 m y0rusy50 ca | ||
| 101 | 0 | _arus | |
| 102 | _aRU | ||
| 135 | _acrcn 024anaba | ||
| 200 | 0 | _a1816. Ч.1, № 60 (12 сент.) | |
| 210 |
_a[Санкт-Петербург] _d[1816] |
||
| 215 |
_aС.191-194 _d8° |
||
| 300 | _aЗагл. на литогр. тит. л.: Ученыя известия, издаваемыя при Санктпетербургских ведомостях | ||
| 316 |
_aЭкз. РНБ (1/471) № 1-88 в одном пер. В составном картон. пер., покрытом мрамор. бумагой, с коричневыми ледериновыми корешком и уголками. На корешке сохранены красная кожаная наклейка с вытисненным золотом загл. и зеленая кожаная наклейка с вытисненным золотом номером части. На нижней крышке пер. бумаж. наклейка с шифром РНБ. Размер: 20,2х12,6х2,5 см _5NLR: 1/471 |
||
| 325 | _aКопия доступна в Электрон. б-ке РНБ | ||
| 461 | 0 |
_1001RU\NLR\INFOCOMM21\5000035996 _12001#$aУченыя известия$eПрибавление к С.П.Б. ведомостям$v1816. Ч.1, № 60 (12 сент.) _94638334 _c[Санкт-Петербург _d1816-1826] _oПрибавление к С.П.Б. ведомостям _tУченыя известия. _v1816. Ч.1, № 60 (12 сент.) |
|
| 482 | 0 |
_1001RU\NLR\BIBL_A\022144875 _12000#$a1816. Ч.1, № 1 (4 янв.) _1210##$a[Санкт-Петербург]$d[1816] _912876432 _c[Санкт-Петербург] _d[1816] _p[2], 4 с. _tУченыя известия. - 1816. Ч.1, № 1 (4 янв.) _uhttps://vivaldi.nlr.ru/pm000051545/view |
|
| 852 |
_aNLR _j1/471 |
||
| 856 | 0 | _uhttps://vivaldi.nlr.ru/pm000051604/view | |
| 856 | 1 | _uhttps://vivaldi.nlr.ru/pm000051604/cover | |
| 856 | 2 | _uhttps://vivaldi.nlr.ru/pm000051604/text | |
| 901 | _eЖурналы | ||
| 942 | _cISSUE | ||
| 980 | _aNB | ||
| 981 | 2 | 0 |
_a(20) Книжные памятники РНБ _b(20) Журналы и периодические альманахи |